| 000 | 01758ngm a22004572a 4500 | ||
|---|---|---|---|
| 001 | on1226087263 | ||
| 005 | 20241021182733.0 | ||
| 007 | vd cvaizs | ||
| 008 | 210121s2020 xxu114 e vleng d | ||
| 020 | _c$29.99 | ||
| 020 | _a13699303 | ||
| 024 | 1 | _a191329136942 | |
| 040 | _erda | ||
| 092 | _advd | ||
| 245 | 0 | 0 |
_aLet Him Go _h[dvd]. |
| 260 |
_a[United States] : _bUniversal, _c2021. |
||
| 264 |
_a[United States] : _bUniversal, _c2021. |
||
| 300 |
_a1 videodisc (ca. 114 min.) : _bsd., col. ; _c4 3/4 in. |
||
| 508 | _aDirector, Thomas Bezucha. | ||
| 511 | 1 | _aDiane Lane, Kevin Costner, Lesley Manville, Kayli Carter, Booboo Stewart, Jeffrey Donovan, Will Brittain, Bryan Bruce. | |
| 520 | _aFollowing the loss of their son, retired sheriff George Blackledge and his wife Margaret leave their Montana ranch to rescue their young grandson. When they discover that he is in the clutches of a dangerous family living off the grid in the Dakotas, George and Margaret must fight for the survival of their family. | ||
| 650 | 4 |
_aCrime. _96402557 |
|
| 650 | 4 |
_aDrama. _96402558 |
|
| 650 | 0 |
_aFeature films _96402559 |
|
| 655 | 4 |
_aDrama. _96402560 |
|
| 700 | 1 |
_aWatson, Larry _95994990 |
|
| 700 | 1 |
_aLane, Diane _923762 |
|
| 700 | 1 |
_aCostner, Kevin _926001 |
|
| 700 | 1 |
_aManville, Lesley _958927 |
|
| 700 | 1 |
_aCarter, Kayli, _96402561 |
|
| 700 | 1 |
_aStewart, Boo Boo _96007341 |
|
| 700 | 1 |
_aDonovan, Jeffrey _951889 |
|
| 700 | 1 |
_aBrittain, Will, _96402562 |
|
| 700 | 1 |
_aBruce, Bryan _96402563 |
|
| 856 | 7 |
_3View cover art _uhttp://midwesttapes.com/images/movies/000/000/000/013/699/000000000013699303.jpg _2http |
|
| 942 |
_2ddc _cDVD |
||
| 999 |
_c358224 _d358224 |
||
| 999 | _b03628964 | ||